Score 0/14 Timer 01:30
0 Plays Today
Clue 4-Letter Word % Correct
Falling flakes❄️ SNOW ❄️
99.4%
Not fastSLOW
98.9%
'Jingle ___ Rock'❄️ BELL ❄️
95%
Small mountainHILL
90.5%
What you give on Christmas❄️ GIFT ❄️
89.9%
Bird's beakBILL
87.3%
Separate carefully, like flourSIFT
85%
Clue 4-Letter Word % Correct
Vehicle in 'Frozen'❄️ SLED ❄️
84.6%
Handle of the swordHILT
81.6%
Large quantitySLEW
79.7%
Fine sandSILT
79.5%
Exchange for moneySELL
79%
Plant generatorSEED
76.1%
Pokémon preceding DewgongSEEL
68.9%

Today's Daily Dose

Remove Ads.
Support Sporcle.
Get the best of Sporcle when you Go Orange. This ad-free experience offers more features, more stats, and more fun while also helping to support Sporcle. Thank you for becoming a member.

You're not logged in!

Compare scores with friends on all Sporcle quizzes.
OR
Log In

Show Comments

Extras

Top Quizzes Today


Score Distribution

Your Account Isn't Verified!

In order to create a playlist on Sporcle, you need to verify the email address you used during registration. Go to your Sporcle Settings to finish the process.

Report this User

Report this user for behavior that violates our Community Guidelines.

Details: